000 00576nam a22001577a 4500
005 20170830102144.0
008 170830b xxu||||| |||| 00| 0 eng d
020 _a9789695342916
040 _cPK-LaUMT
082 _a291
_bMAN-A
100 _aManzoor Ahmad Bhutta = منظور احمد بھٹہ
245 _aAdyan-e-aalam : ادیان عالم /
_baqaid-o-nazaryat ka taqabli jaizah = عقائدونظریات کا تقابلی جائزہ /
_cManzoor Ahmad Bhutta = منظور احمد بھٹہ
260 _aMultan :
_bBeacon Books,
_c2015
300 _a96 p.
942 _cBK
999 _c97755
_d97755